| 000 | 00596nam a2200193 a 4500 | ||
|---|---|---|---|
| 005 | 20210223120432.0 | ||
| 008 | 991125s1972 mx 000 0 spa u | ||
| 020 | _a9682300096 | ||
| 035 | _aUPN01000001150 | ||
| 049 | _aCG | ||
| 050 | 4 |
_aD6 _bH5.9 no.32 |
|
| 100 | 1 |
_aBertaux, Pierre, _d1907- |
|
| 245 | 1 | 0 |
_aAfrica : _bdesde la prehistoria hasta los estados actuales / _cPierre Bertaux ; tr. Manuel Ramón Alarcón. |
| 260 |
_aMéxico : _bSiglo XXI, _c1972. |
||
| 300 |
_a359 p. : _bmapas |
||
| 440 | 0 |
_aHistoria universal siglo XXI ; _v32 |
|
| 651 | 4 |
_aAFRICA - _xHISTORIA _92127 |
|
| 905 | _aLibro | ||
| 999 |
_c1150 _d1150 |
||